| 000 | 01170cab a2200229 4500 | ||
|---|---|---|---|
| 001 | ABS68077 | ||
| 008 | 040806n2004 000 0 eng u | ||
| 035 | _a(Sirsi) u127021 | ||
| 100 | _aChynoweth, P. | ||
| 245 | _aProgressing the rights to light debate - part one: a review of current practice | ||
| 260 | _c2004 | ||
| 490 |
_aStructural Survey _v22(3) 2004, 131-137(7) |
||
| 520 | _aIntroduces a series of articles which respond to Pitts' call for a debate into current rights to light practice. Summarises relevant areas of law as well as current measurement and valuation practices in this area. Describes: the Waldram methodology; grumble point; fifty-fifty rule; and the concept of equivalent first zone loss. It also shows how these concepts are used to determine the amount of damages payable where a right to light has been infringed and calls for others to contribute to the debate. References. [Taken from journal abstract] | ||
| 590 | _aABS | ||
| 650 | _aRIGHTS TO LIGHT | ||
| 650 | _aSURVEYING METHODS | ||
| 650 | _aWALDRAM GRAPH | ||
| 650 | _aMEASURING PRACTICE | ||
| 650 | _aCOMPENSATION | ||
| 690 |
_aBoundary disputes _96221 |
||
| 942 | _n0 | ||
| 999 |
_c74491 _d74491 |
||